| 000 | 00708nam a22002657a 4500 | ||
|---|---|---|---|
| 005 | 20190531120348.0 | ||
| 008 | 190531b xxu||||| |||| 00| 0 spa d | ||
| 020 | _a9786075382463 | ||
| 041 | _aspa | ||
| 082 | _a1.0.40 P419c | ||
| 100 |
_aPeña Andrés, Cristina _953924 |
||
| 245 | _aCómo participar en ferias comerciales | ||
| 260 | _aMéxico | ||
| 260 | _bAlfaomega | ||
| 260 | _c2018 | ||
| 300 | _a139 páginas | ||
| 650 |
_aCONGRESOS _92799 |
||
| 650 |
_aFERIAS COMERCIALES _953925 |
||
| 650 |
_aORGANIZACIÓN _9805 |
||
| 650 |
_aSELECCIÓN DE LA FERIA _953926 |
||
| 650 |
_aPRESUPUESTO _953927 |
||
| 650 |
_aDESARROLLO DE LA FERIA _953928 |
||
| 650 |
_aRENTABILIDAD _98460 |
||
| 942 | _cBK | ||
| 999 |
_c11982 _d11982 |
||